<?xml version="1.0" encoding="UTF-8"?>
<record
    xmlns:xsi="http://www.w3.org/2001/XMLSchema-instance"
    xsi:schemaLocation="http://www.loc.gov/MARC21/slim http://www.loc.gov/standards/marcxml/schema/MARC21slim.xsd"
    xmlns="http://www.loc.gov/MARC21/slim">

  <leader>02399nam a22003137a 4500</leader>
  <controlfield tag="003">DO-SdBNP</controlfield>
  <controlfield tag="005">20260305073957.0</controlfield>
  <controlfield tag="007">ta</controlfield>
  <controlfield tag="008">110301s2011    dr ac  e      001 0 spa d</controlfield>
  <datafield tag="020" ind1=" " ind2=" ">
    <subfield code="a">9789945004106</subfield>
  </datafield>
  <datafield tag="040" ind1=" " ind2=" ">
    <subfield code="a">DO-SdBNP</subfield>
    <subfield code="b">spa</subfield>
    <subfield code="c">BNPHU</subfield>
  </datafield>
  <datafield tag="082" ind1=" " ind2="4">
    <subfield code="a">972.9305</subfield>
    <subfield code="b">R173b</subfield>
    <subfield code="2">22</subfield>
  </datafield>
  <datafield tag="100" ind1="1" ind2=" ">
    <subfield code="a">Ramirez Morillo, Belarminio</subfield>
    <subfield code="9">53018</subfield>
  </datafield>
  <datafield tag="245" ind1="1" ind2="0">
    <subfield code="a">Balaguer y Leonel :</subfield>
    <subfield code="b">animales pol&#xED;ticos en la jungla dominicana /</subfield>
    <subfield code="c">Belarminio Ramirez Morillo.</subfield>
  </datafield>
  <datafield tag="260" ind1=" " ind2=" ">
    <subfield code="a">Santo Domingo :</subfield>
    <subfield code="b">FESJE,</subfield>
    <subfield code="c">2011.</subfield>
  </datafield>
  <datafield tag="300" ind1=" " ind2=" ">
    <subfield code="a">778 p. :</subfield>
    <subfield code="b">il., retrs. ;</subfield>
    <subfield code="c">23 cm.</subfield>
  </datafield>
  <datafield tag="500" ind1=" " ind2=" ">
    <subfield code="a">Incluye datos biogr&#xE1;ficos del autor en las solapas </subfield>
  </datafield>
  <datafield tag="500" ind1=" " ind2=" ">
    <subfield code="a">Incluye &#xED;ndice onom&#xE1;stico.</subfield>
  </datafield>
  <datafield tag="504" ind1=" " ind2=" ">
    <subfield code="a">Bibliograf&#xED;a :  p. 749-765</subfield>
  </datafield>
  <datafield tag="505" ind1="0" ind2=" ">
    <subfield code="g">Libro primero --</subfield>
    <subfield code="t">Dedicatoria --</subfield>
    <subfield code="t">Agradecimientos --</subfield>
    <subfield code="t">Introducci&#xF3;n --</subfield>
    <subfield code="t">G&#xE9;nesis de un liderazgo --</subfield>
    <subfield code="t">Balaguer en la era de Trujillo --</subfield>
    <subfield code="t">La transici&#xF3;n democr&#xE1;tica --</subfield>
    <subfield code="t">Las ideas pol&#xED;ticas de Balaguer --</subfield>
    <subfield code="t">Construyendo el estado prospero y democr&#xE1;tico --</subfield>
    <subfield code="t">Perfiles de su personalidad --</subfield>
    <subfield code="t">El tribunal de la historia --</subfield>
    <subfield code="g">Libro segundo --</subfield>
    <subfield code="t">Leonel Fern&#xE1;ndez Reyna, precursor de la sociedad del conocimiento -- </subfield>
    <subfield code="t">Naturaleza del liderazgo de Leonel Fern&#xE1;ndez --</subfield>
    <subfield code="t">Leonel Fern&#xE1;ndez el estadista --</subfield>
    <subfield code="t">El l&#xED;der pol&#xED;tico partidista --</subfield>
    <subfield code="t">La pol&#xED;tica internacional de Leonel Fern&#xE1;ndez --</subfield>
    <subfield code="t">Consolidaci&#xF3;n democr&#xE1;tica y estado social de derecho --</subfield>
    <subfield code="g">Libro tercero --</subfield>
    <subfield code="t">El ideario de Leonel Fern&#xE1;ndez Reyna --</subfield>
    <subfield code="t">El pensamiento pol&#xED;tico de Leonel Fern&#xE1;ndez Reyna --</subfield>
    <subfield code="t">Las ideas sobre pol&#xED;tica internacional de Leonel Fern&#xE1;ndez Reyna --</subfield>
    <subfield code="t">El pensamiento jur&#xED;dico de Leonel Fern&#xE1;ndez Reyna --</subfield>
    <subfield code="t">El pensamiento econ&#xF3;mico de Leonel Fern&#xE1;ndez Reyna --</subfield>
    <subfield code="t">El pensamiento hist&#xF3;rico de Leonel Fern&#xE1;ndez Reyna --</subfield>
    <subfield code="t">El pensamiento social de Leonel Fern&#xE1;ndez Reyna --</subfield>
    <subfield code="t">Las ideas de Leonel Fern&#xE1;ndez Reyna sobre las tecnolog&#xED;as --</subfield>
    <subfield code="t">Las ideas de Leonel Fern&#xE1;ndez Reyna sobre el medio ambiente y los recursos naturales --</subfield>
    <subfield code="t">Bibliograf&#xED;a --</subfield>
    <subfield code="t">&#xCD;ndice onom&#xE1;stico /</subfield>
  </datafield>
  <datafield tag="590" ind1=" " ind2=" ">
    <subfield code="a">Inventariado, 2022/ YL</subfield>
  </datafield>
  <datafield tag="600" ind1="1" ind2="0">
    <subfield code="a"> Balaguer, Joaqu&#xED;n,</subfield>
    <subfield code="d">1906-2002</subfield>
    <subfield code="9">76556</subfield>
  </datafield>
  <datafield tag="600" ind1="1" ind2="0">
    <subfield code="a">Fern&#xE1;ndez, Leonel,</subfield>
    <subfield code="d">1953-</subfield>
    <subfield code="9">7291</subfield>
  </datafield>
  <datafield tag="650" ind1=" " ind2="4">
    <subfield code="a">Presidentes</subfield>
    <subfield code="x">Rep&#xFA;blica Dominicana </subfield>
    <subfield code="9">660</subfield>
  </datafield>
  <datafield tag="651" ind1=" " ind2="4">
    <subfield code="a">Rep&#xFA;blica Dominicana </subfield>
    <subfield code="x">Pol&#xED;tica y gobierno </subfield>
    <subfield code="y">1961-</subfield>
    <subfield code="9">204</subfield>
  </datafield>
  <datafield tag="710" ind1="1" ind2="2">
    <subfield code="a">Fundaci&#xF3;n de Estudios Sociopol&#xED;ticos, Jur&#xED;dicos y Econ&#xF3;micos</subfield>
    <subfield code="9">81565</subfield>
  </datafield>
  <datafield tag="910" ind1=" " ind2=" ">
    <subfield code="a">YLockward/Validado. Control de calidad MFF</subfield>
  </datafield>
  <datafield tag="942" ind1=" " ind2=" ">
    <subfield code="2">ddc</subfield>
    <subfield code="c">LBS1</subfield>
  </datafield>
  <datafield tag="952" ind1=" " ind2=" ">
    <subfield code="0">0</subfield>
    <subfield code="1">0</subfield>
    <subfield code="2">ddc</subfield>
    <subfield code="5">3</subfield>
    <subfield code="7">0</subfield>
    <subfield code="8">PD</subfield>
    <subfield code="a">BNPHU</subfield>
    <subfield code="b">BNPHU</subfield>
    <subfield code="c">HD</subfield>
    <subfield code="d">2021-06-28</subfield>
    <subfield code="e">MAPRE</subfield>
    <subfield code="o">BNPHU PD 972.9305 R173b</subfield>
    <subfield code="p">2022-1836</subfield>
    <subfield code="r">2022-05-06</subfield>
    <subfield code="w">2022-05-06</subfield>
    <subfield code="y">LBS1</subfield>
  </datafield>
  <datafield tag="952" ind1=" " ind2=" ">
    <subfield code="0">0</subfield>
    <subfield code="1">0</subfield>
    <subfield code="2">ddc</subfield>
    <subfield code="5">3</subfield>
    <subfield code="7">0</subfield>
    <subfield code="8">PD</subfield>
    <subfield code="a">BNPHU</subfield>
    <subfield code="b">BNPHU</subfield>
    <subfield code="c">HD</subfield>
    <subfield code="d">2021-06-28</subfield>
    <subfield code="e">MAPRE</subfield>
    <subfield code="o">BNPHU PD 972.9305  R173b</subfield>
    <subfield code="p">2022-1837</subfield>
    <subfield code="r">2022-05-06</subfield>
    <subfield code="t">e. 2</subfield>
    <subfield code="w">2022-05-06</subfield>
    <subfield code="y">LBS1</subfield>
  </datafield>
  <datafield tag="952" ind1=" " ind2=" ">
    <subfield code="0">0</subfield>
    <subfield code="1">0</subfield>
    <subfield code="2">ddc</subfield>
    <subfield code="5">6</subfield>
    <subfield code="7">0</subfield>
    <subfield code="8">DS</subfield>
    <subfield code="a">BNPHU</subfield>
    <subfield code="b">BNPHU</subfield>
    <subfield code="c">HD</subfield>
    <subfield code="d">2021-06-28</subfield>
    <subfield code="e">MAPRE</subfield>
    <subfield code="o">BNPHU DS 972.9305  R173b</subfield>
    <subfield code="p">2022-1838</subfield>
    <subfield code="r">2022-05-06</subfield>
    <subfield code="t">e. 3</subfield>
    <subfield code="w">2022-05-06</subfield>
    <subfield code="y">LBS1</subfield>
  </datafield>
  <datafield tag="952" ind1=" " ind2=" ">
    <subfield code="0">0</subfield>
    <subfield code="1">0</subfield>
    <subfield code="2">ddc</subfield>
    <subfield code="5">6</subfield>
    <subfield code="7">0</subfield>
    <subfield code="8">DS</subfield>
    <subfield code="a">BNPHU</subfield>
    <subfield code="b">BNPHU</subfield>
    <subfield code="c">HD</subfield>
    <subfield code="d">2021-06-28</subfield>
    <subfield code="e">MAPRE</subfield>
    <subfield code="o">BNPHU DS 972.9305  R173b</subfield>
    <subfield code="p">2022-1839</subfield>
    <subfield code="r">2022-05-06</subfield>
    <subfield code="t">e. 4</subfield>
    <subfield code="w">2022-05-06</subfield>
    <subfield code="y">LBS1</subfield>
  </datafield>
  <datafield tag="952" ind1=" " ind2=" ">
    <subfield code="0">0</subfield>
    <subfield code="1">0</subfield>
    <subfield code="2">ddc</subfield>
    <subfield code="5">6</subfield>
    <subfield code="7">0</subfield>
    <subfield code="8">DS</subfield>
    <subfield code="a">BNPHU</subfield>
    <subfield code="b">BNPHU</subfield>
    <subfield code="c">HD</subfield>
    <subfield code="d">2021-06-28</subfield>
    <subfield code="e">MAPRE</subfield>
    <subfield code="o">BNPHU DS 972.9305  R173b</subfield>
    <subfield code="p">2022-1840</subfield>
    <subfield code="r">2022-05-06</subfield>
    <subfield code="t">e. 5</subfield>
    <subfield code="w">2022-05-06</subfield>
    <subfield code="y">LBS1</subfield>
  </datafield>
  <datafield tag="999" ind1=" " ind2=" ">
    <subfield code="c">51642</subfield>
    <subfield code="d">51642</subfield>
  </datafield>
</record>
